Accounting view of accruals and deferrals in particular categories of business entities

Podstata časového rozlíšenia nákladov a výnosov. Účtovanie časového rozlíšenia nákladov a výnosov. Osobitosti účtovania časového rozlíšenia nákladov a výnosov v jednotlivých veľkostných skupinách účtovných jednotiek. Prezentácia časového rozlíšenia v účtovnej závierke.

Na minha lista:
Detalhes bibliográficos
Autor principal: Hornická, Renáta, 1977-
Formato: Capítulo de Livro
Idioma:eslovaco
Assuntos:
Tags: Adicionar Tag
Sem tags, seja o primeiro a adicionar uma tag!

MARC

LEADER 00000naa$a2200000$$$4500
001 0222847
005 20240502083553.5
041 0 |a slo 
044 |a CZ 
245 1 0 |a Accounting view of accruals and deferrals in particular categories of business entities  |c Renáta Hornická 
520 |a Podstata časového rozlíšenia nákladov a výnosov. Účtovanie časového rozlíšenia nákladov a výnosov. Osobitosti účtovania časového rozlíšenia nákladov a výnosov v jednotlivých veľkostných skupinách účtovných jednotiek. Prezentácia časového rozlíšenia v účtovnej závierke. 
610 2 0 |a účtovníctvo 
610 2 0 |a rozlíšenie časové 
610 2 0 |a náklady 
610 2 0 |a výnosy 
610 2 0 |a účtovanie 
610 2 0 |a závierka účtovná 
610 2 0 |a jednotka účtovná 
100 1 |a Hornická, Renáta, 1977-